| 000 | 01202nam a22002537a 4500 | ||
|---|---|---|---|
| 005 | 20170124102925.0 | ||
| 010 | _aA-675483 | ||
| 020 |
_c190.00 _a8172200420 |
||
| 035 | _aA-675483 | ||
| 037 | _bCen Lib/Ret | ||
| 040 |
_aDPL _bHN |
||
| 082 |
_a821 _bपाण्डेय |
||
| 100 |
_aपाण्डेय, विनोद चन्द्र _943208 |
||
| 245 |
_aअत्तार कृत : _cविनोद चन्द्र पाण्डेय _bपक्षियों की भाषा / |
||
| 246 |
_aAttar krit pakshiyon ki bhasha _bby Vinod Chandra Pandey |
||
| 260 |
_bसिद्धार्थ प्रकाशन्स _aनई दिल्ली _c1993 |
||
| 270 |
_a10, डी.एस.आई.डी.सी. स्कीम II, ओखला इंडस्ट्रियल एरिया फेज II _bनई दिल्ली _e110020 |
||
| 300 |
_a295पृ. _c20सेमी (सजिल्द) |
||
| 650 |
_aहिंदी - कविता _943209 |
||
| 650 |
_aहिंदी साहित्य _943210 |
||
| 650 |
_aHindi - poetry _943211 |
||
| 650 |
_aHindi literature _943212 |
||
| 942 |
_2ddc _cHN _h821 _mपाण्डेय |
||
| 999 |
_c111507 _d111507 |
||